Absolution - Ghost lyrics - Statistics

General Stats
  • This quiz has been taken 24 times
  • The average score is 155 of 190
Answer Stats
Answer % Correct
a
100%
absolution
100%
Cry
100%
cry
100%
for
100%
you
100%
You
100%
and
92%
And
92%
be
92%
dying
92%
Dying
92%
Ever
92%
hands
92%
knees
92%
Put
92%
reach
92%
sky
92%
the
92%
to
92%
up
92%
your
92%
been
83%
born
83%
chosen
83%
day
83%
Every
83%
more
83%
on
83%
one
83%
since
83%
sun
83%
All
75%
desire
75%
down
75%
eyes
75%
fire
75%
horizon
75%
in
75%
little
75%
that
75%
you’ve
75%
As
67%
child
67%
find
67%
kept
67%
prize
67%
setting
67%
things
67%
Trying
67%
were
67%
will
67%
You’ll
67%
you’ll
67%
mind
58%
those
58%
with
58%
corpses
50%
Over
50%
asking
42%
improving
42%
still
42%
you’re
42%
are
33%
here
33%
Hysterically
33%
moving
33%
needs
33%
out
33%
seeking
33%
what
33%
when
33%
Even
25%
now
25%
No matching quizzes found
Score Distribution
Percent of People with Each Score
Percentile by Number Answered
Your Score History
You have not taken this quiz